Statistics for All European Countries Without Vowels With A Map - 30 Second

Click here to take the quiz!

General Stats

  • This quiz has been taken 4 times
  • The average score is 11 of 45

Answers on the Map

Answers color-coded by a green-red scale on the quiz's map according to % correct below.
 

Answer Stats

Count% Correct
clnd
75%
Frnc
75%
Grmn
75%
Spn
75%
tl
75%
Fnlnd
50%
Grc
50%
krn
50%
Nrw
50%
Plnd
50%
Prtgl
50%
Rss
50%
Swdn
50%
Blrs
25%
Czch
25%
Dnmrk
25%
Hngr
25%
Lthn
25%
Ltv
25%
Mlt
25%
rlnd
25%
Srb
25%
stn
25%
str
25%
Swtzrlnd
25%
Blgm
0%
Blgr
0%
Bsn nd Hrzgvn
0%
Crt
0%
Ksv
0%
lbn
0%
Lchtnstn
0%
Lxmbrg
0%
Mldv
0%
Mnc
0%
Mntngr
0%
ndrr
0%
Nrth Mcdn
0%
ntd Kngdm
0%
Nthrlnds
0%
Rmn
0%
Slvk
0%
Slvn
0%
Sn Mrn
0%
Vtcn Ct
0%

Score Distribution

Percentile by Number Answered

Percent of People with Each Score

Your Score History

You have not taken this quiz